Score 0/35 Timer 07:00
1 Play Today
% Correct
Yankees
96.9%
Celtics
96.2%
Manchester United
95.5%
Real Madrid
95.1%
Harvard
95%
Packers
94.7%
Army
94.4%
Manning
94.1%
Maple Leafs
93.5%
Messi
92.8%
Federer
91.5%
Woods
90%
Buckeyes
89.6%
Ali
88.9%
Tar Heels
88.7%
Phelps
88.6%
Crimson Tide
86.5%
Bird
86.2%
% Correct
Holyfield
85.9%
Cal
83.8%
Nicklaus
82.2%
Crosby
80.6%
Kangaroos
79.6%
Chamberlain
79%
Borg
70.7%
Kerrigan
69.3%
Navratilova
61.6%
Summitt
56.1%
Andretti
53.2%
Hagler
44.4%
Fischer
44.1%
Louis
37%
Weber
34.3%
Prost
33.5%
Ovett
25.9%
Remove Ads.
Support Sporcle.
Get the best of Sporcle when you Go Orange. This ad-free experience offers more features, more stats, and more fun while also helping to support Sporcle. Thank you for becoming a member.

You're not logged in!

Compare scores with friends on all Sporcle quizzes.
OR
Log In

Show Comments

Extras

Top Quizzes Today


Score Distribution

Your Account Isn't Verified!

In order to create a playlist on Sporcle, you need to verify the email address you used during registration. Go to your Sporcle Settings to finish the process.

Report this User

Report this user for behavior that violates our Community Guidelines.

Details: